000 00599 a2200193 4500
020 _c325.00
035 _aB-83106
037 _bRP--ZLS-1997 / PANSY-04-05:9 / RP-04-05:ENG
082 1 4 _a547
090 _c3332
_d3332
100 1 _aBansal, Raj K.
245 1 _aA test book of organic chemistry
_cby Raj K. Bansal
250 _a4th ed
260 _aNew Delhi
_bNew Age International
_c2003r
300 _axviii, 861 p
_c23 cm. (Pbk)
500 _aThis is reprint 2003
942 _adpl
_cEN
_k547 / BAN
999 _c3267
_d3267